Dona Barbara /

Đã lưu trong:
Chi tiết về thư mục
Tác giả chính: Gallegos, Romulo
Định dạng: Sách
Ngôn ngữ:Tiếng Anh
Được phát hành: Madrid
Các nhãn: Thêm thẻ
Không có thẻ, Là người đầu tiên thẻ bản ghi này!

MARC

LEADER 00000nam a2200000 4500
001 CDOM0000003937
003 mi
005 20251008171613.0
008 251008b |||||||| |||| 00| 0 eng d
040 |c mi 
100 |a Gallegos, Romulo 
245 1 |a Dona Barbara /  |c Romulo Gallegos 
260 |a Madrid 
942 |2 ddc  |c BK 
952 |0 0  |1 0  |2 ddc  |4 0  |7 0  |9 7099  |a MI  |b MI  |d 2009-09-21  |i 5682  |l 0  |p CDOM5682  |r 2025-07-13 16:28:00  |w 2025-07-13  |x DONO  |y BK 
999 |c 5802  |d 5802